| 000 | 00564nam a22001817a 4500 | ||
|---|---|---|---|
| 999 |
_c6955 _d6955 |
||
| 003 | OSt | ||
| 005 | 20210518111915.0 | ||
| 008 | 210518b ||||| |||| 00| 0 eng d | ||
| 020 | _a9781520807638, 9781540422651 | ||
| 040 | _cDDC | ||
| 082 | _a004 VAS 2016 | ||
| 100 |
_aVasilik, Sylvia Moestl _914255 |
||
| 245 |
_aSQL Practice problems: _b57 Beginning, Intermediate, and Advanced Challenges for you to solve using a ''Learn-by-doing'' Approach. |
||
| 260 |
_bSylvia Moestl Vasilik _c2016 |
||
| 300 |
_a346p.; _c26cm. |
||
| 650 |
_aSQL _914256 |
||
| 942 |
_2ddc _cBOOK |
||